000 00543nam a2200193 i 4500
001 23525
003 ES-MaACL
005 20250722131821.0
007 t|
008 021211s1968 sp ||||1| spa d
100 1 _aAmado, Jorge.
_921079
245 1 4 _aLos viejos marineros /
_cJorge Amado ; [versión... Basilio Losada].
250 _a[1ª ed].
260 _aBarcelona :
_bCaralt,
_c[1968]
300 _a358 p. ;
_c20 cm.
700 1 _aLosada, Basilio,
_d1930-
_974251
852 _aES-MaACL
_jC-50445
_bR.67742
999 _c23525
_d23525